Geography Quiz

Random Geography or City Quiz

Virginia Cities (1790-2010) Quiz Stats

 Plays Quiz Updated Apr 10, 2014

Challenge
Share
Tweet
Embed
Score 0/200 Timer 12:00
5 Plays Today
Year City % Correct
1880Manchester
97.8%
1890Manchester
97.8%
1900Manchester
97.8%
1790Richmond
97.7%
1800Richmond
97.7%
1810Richmond
97.7%
1820Richmond
97.7%
1830Richmond
97.7%
1840Richmond
97.7%
1850Richmond
97.7%
1860Richmond
97.7%
1870Richmond
97.7%
1880Richmond
97.7%
1890Richmond
97.7%
1900Richmond
97.7%
1910Richmond
97.7%
1920Richmond
97.7%
1930Richmond
97.7%
1940Richmond
97.7%
1950Richmond
97.7%
1960Richmond
97.7%
1970Richmond
97.7%
1980Richmond
97.7%
1990Richmond
97.7%
2000Richmond
97.7%
2010Richmond
97.7%
1970Virginia Beach
88.1%
1980Virginia Beach
88.1%
1990Virginia Beach
88.1%
2000Virginia Beach
88.1%
2010Virginia Beach
88.1%
1790Norfolk
81.3%
1800Norfolk
81.3%
1810Norfolk
81.3%
1820Norfolk
81.3%
1830Norfolk
81.3%
1840Norfolk
81.3%
1850Norfolk
81.3%
1860Norfolk
81.3%
1870Norfolk
81.3%
1880Norfolk
81.3%
1890Norfolk
81.3%
1900Norfolk
81.3%
1910Norfolk
81.3%
1920Norfolk
81.3%
1930Norfolk
81.3%
1940Norfolk
81.3%
1950Norfolk
81.3%
1960Norfolk
81.3%
1970Norfolk
81.3%
1980Norfolk
81.3%
1990Norfolk
81.3%
2000Norfolk
81.3%
2010Norfolk
81.3%
1790Alexandria
74.9%
1850Alexandria
74.9%
1860Alexandria
74.9%
1870Alexandria
74.9%
1880Alexandria
74.9%
1890Alexandria
74.9%
1900Alexandria
74.9%
1910Alexandria
74.9%
1920Alexandria
74.9%
1930Alexandria
74.9%
1940Alexandria
74.9%
1950Alexandria
74.9%
1960Alexandria
74.9%
Year City % Correct
1970Alexandria
74.9%
1980Alexandria
74.9%
1990Alexandria
74.9%
2000Alexandria
74.9%
2010Alexandria
74.9%
1900Newport News
66.7%
1910Newport News
66.7%
1920Newport News
66.7%
1930Newport News
66.7%
1940Newport News
66.7%
1950Newport News
66.7%
1960Newport News
66.7%
1970Newport News
66.7%
1980Newport News
66.7%
1990Newport News
66.7%
2000Newport News
66.7%
2010Newport News
66.7%
1890Roanoke
65.8%
1900Roanoke
65.8%
1910Roanoke
65.8%
1920Roanoke
65.8%
1930Roanoke
65.8%
1940Roanoke
65.8%
1950Roanoke
65.8%
1960Roanoke
65.8%
1970Roanoke
65.8%
1980Roanoke
65.8%
1990Roanoke
65.8%
2000Roanoke
65.8%
2010Roanoke
65.8%
1920Charlottesville
60.6%
1930Charlottesville
60.6%
1940Charlottesville
60.6%
1950Charlottesville
60.6%
1970Chesapeake
56.7%
1980Chesapeake
56.7%
1990Chesapeake
56.7%
2000Chesapeake
56.7%
2010Chesapeake
56.7%
1790Williamsburg
54.2%
1960Hampton
52.5%
1970Hampton
52.5%
1980Hampton
52.5%
1990Hampton
52.5%
2000Hampton
52.5%
2010Hampton
52.5%
1830Lynchburg
45%
1840Lynchburg
45%
1850Lynchburg
45%
1860Lynchburg
45%
1870Lynchburg
45%
1880Lynchburg
45%
1890Lynchburg
45%
1900Lynchburg
45%
1910Lynchburg
45%
1920Lynchburg
45%
1930Lynchburg
45%
1940Lynchburg
45%
1950Lynchburg
45%
1960Lynchburg
45%
1970Lynchburg
45%
1980Lynchburg
45%
1990Lynchburg
45%
2000Lynchburg
45%
1790Petersburg
41.9%
1800Petersburg
41.9%
1810Petersburg
41.9%
Year City % Correct
1820Petersburg
41.9%
1830Petersburg
41.9%
1840Petersburg
41.9%
1850Petersburg
41.9%
1860Petersburg
41.9%
1870Petersburg
41.9%
1880Petersburg
41.9%
1890Petersburg
41.9%
1900Petersburg
41.9%
1910Petersburg
41.9%
1920Petersburg
41.9%
1930Petersburg
41.9%
1940Petersburg
41.9%
1950Petersburg
41.9%
1960Petersburg
41.9%
1830Fredericksburg
41.2%
1840Fredericksburg
41.2%
1850Fredericksburg
41.2%
1860Fredericksburg
41.2%
1870Fredericksburg
41.2%
1880Fredericksburg
41.2%
1790Fredericksburg
41.1%
2010Suffolk
33.8%
1840Portsmouth
31.8%
1850Portsmouth
31.8%
1860Portsmouth
31.8%
1870Portsmouth
31.8%
1880Portsmouth
31.8%
1890Portsmouth
31.8%
1900Portsmouth
31.8%
1910Portsmouth
31.8%
1920Portsmouth
31.8%
1930Portsmouth
31.8%
1940Portsmouth
31.8%
1950Portsmouth
31.8%
1960Portsmouth
31.8%
1970Portsmouth
31.8%
1980Portsmouth
31.8%
1990Portsmouth
31.8%
2000Portsmouth
31.8%
2010Portsmouth
31.8%
1790Portsmouth
31.7%
1870Danville
30.6%
1880Danville
30.6%
1890Danville
30.6%
1900Danville
30.6%
1910Danville
30.6%
1920Danville
30.6%
1930Danville
30.6%
1940Danville
30.6%
1950Danville
30.6%
1960Danville
30.6%
1790Winchester
29%
1840Winchester
29%
1850Winchester
29%
1860Winchester
29%
1870Winchester
29%
1860Staunton
22.5%
1870Staunton
22.5%
1880Staunton
22.5%
1890Staunton
22.5%
1910Staunton
22.5%
1840Wheeling
16.7%
1850Wheeling
16.7%
1860Wheeling
16.7%
1850Martinsburg
8.5%

You're not logged in!

Compare scores with friends on all Sporcle quizzes.
OR
Log In

You Might Also Like...

Show Comments

Extras

Top Quizzes Today


Score Distribution

Your Account Isn't Verified!

In order to create a playlist on Sporcle, you need to verify the email address you used during registration. Go to your Sporcle Settings to finish the process.

Report this User

Report this user for behavior that violates our Community Guidelines.

Details: